| 000 | 00984nam a22002177a 4500 | ||
|---|---|---|---|
| 003 | OSt | ||
| 005 | 20220314122610.0 | ||
| 008 | 120706t xxu||||| |||| 00| 0 eng d | ||
| 010 | _a2013005146 | ||
| 020 | _a9781107039759 (hbk.) | ||
| 040 | _cLC | ||
| 050 | _aQA274.G34 | ||
| 100 | _aGallager Robert G. | ||
| 245 |
_aStochastic processes: theory for applications. / _cRobert G. Gallager. |
||
| 260 |
_aLondon: _bCambridge University Press, _c2013. |
||
| 300 |
_axx, 536 p.: _bill.; |
||
| 500 | _aIncludes references (528-529 p) and index. | ||
| 505 | _aContents: Introduction and review of probability -- Poisson processes -- Gaussian random vectors and processes -- Finite-state markov chains -- Renewal processes -- Countable-state markov chains -- Makov processes with countable-state spaces -- Detection, decisions, and hypothesis testing -- Random walks, large deviation, and martingales -- Estimation -- | ||
| 650 | _vStochastic processes - Textbooks | ||
| 942 |
_2lcc _cBK |
||
| 999 |
_c7371 _d14871 |
||